000 00450nam a2200181Ia 4500
001 23974
005 20260414151013.0
008 260414t2010||||xx |||||||||||||| ||spa||
041 _aESP
082 _a729
_bH86
100 _aHudson, Jennifer
_eAUT
245 0 _aArquitectura de interiores del boceto a la construcción
_b
260 _c2010
300 _a240 páginas :
_c28 cm.
650 _aABD
654 _aCAU
942 _cLIB
_dJUS
_fJUS
_2ddc
_n
999 _c23974
_d23974